Výnosnosť podniku a možnosti jej merania v účtovníctve bakalárska práca

Guardado en:
Detalles Bibliográficos
Autor principal: Hnáthová, Zuzana
Autor Corporativo: Fakulta hospodárskej informatiky EU. Katedra účtovníctva a audítorstva
Otros Autores: Haľama, Juraj
Formato: Libro
Lenguaje:eslovaco
Publicado: Bratislava 2010
Etiquetas: Agregar Etiqueta
Sin Etiquetas, Sea el primero en etiquetar este registro!

MARC

LEADER 00000nam$a2200000$$$4500
001 0136956
005 20240320072848.4
041 0 |a slo 
044 |a SK 
245 1 0 |a Výnosnosť podniku a možnosti jej merania v účtovníctve  |b bakalárska práca  |c Zuzana Hnáthová ; školiteľ: Juraj Haľama 
264 1 |a Bratislava  |c 2010 
300 |a 39 s. 
100 1 |a Hnáthová, Zuzana 
700 1 |a Haľama, Juraj 
710 2 |a Fakulta hospodárskej informatiky EU. Katedra účtovníctva a audítorstva